| 000 | 00850nam a22002057a 4500 | ||
|---|---|---|---|
| 999 |
_c13245 _d13245 |
||
| 003 | AR-CdUCM | ||
| 008 | 190411b ||||| |||| 00| 0 spa d | ||
| 040 |
_aMUNICIPALIDAD PROVINCIAL DEL CUSCO _cBIBLIOTECA MUNICIPAL DEL CUSCO |
||
| 082 |
_aC / 985.01 / _bV28 |
||
| 100 |
_aVargas, Isaías _926455 |
||
| 245 |
_aApuntes críticos sobre asuntos indigenistas : _bcolección de artículos de colaboración / |
||
| 260 |
_aCuzco : _bTip. Americana, _c1946. |
||
| 300 |
_a342 páginas ; _c21.5 cm. |
||
| 505 | _aContenido: La cosmogonía y antropogenia incaicas -- Los mitos sobre el origen del imperio del tahuantinsuyo -- La economía política del incanato -- El pretendido comunismo del incanato ... | ||
| 650 |
_aÉpoca prehispánica _92714 |
||
| 650 |
_aPerú _935 |
||
| 650 |
_aHistoria _9136 |
||
| 942 |
_2ddc _cLIBROS |
||
| 945 |
_aacv _d2019-04-11 |
||